Англо-русский словарь: 40 000 слов с указанием произношения и интернациональной фонетической транскрипции

Manylion Llyfryddiaeth
Awduron Eraill: Мюллер В. К. (редактор), Боянус С. К.
Iaith:Rwseg
Saesneg
Cyhoeddwyd: Киев, Роккард, 1994
Pynciau:
Fformat: Llyfr
KOHA link:https://koha.lib.tpu.ru/cgi-bin/koha/opac-detail.pl?biblionumber=21460

MARC

LEADER 00000nam0a2200000 4500
001 21460
005 20231101205430.0
010 |a 5770766778 
035 |a (RuTPU)RU\TPU\book\21660 
035 |a BOOK00006353 
090 |a 21460 
100 |a 20011209d1994 km y0rusy50 ca 
101 0 |a rus  |a eng 
102 |a UA 
105 |a y e 000zy 
200 1 |a Англо-русский словарь  |e 40 000 слов с указанием произношения и интернациональной фонетической транскрипции  |f Под ред. В. К. Мюллера и С. К. Боянуса 
210 |a Киев  |c Роккард  |d 1994 
215 |a 1390 с. 
606 |a Английский язык  |x Словари  |2 stltpush  |3 (RuTPU)RU\TPU\subj\69128  |9 84097 
610 1 |a словари 
686 |a Ш143.21-4  |v LBC/SL-A  |2 rubbk 
702 1 |a Мюллер  |b В. К.  |4 340 
702 1 |a Боянус  |b С. К.  |4 340 
801 0 |a RU  |b 63413507  |c 20011209  |g PSBO 
801 2 |a RU  |b 63413507  |c 20170922  |g PSBO 
942 |c BK